| 000 | 00808 a2200217 4500 | ||
|---|---|---|---|
| 020 | _a0256110107 | ||
| 020 | _a9780256110104 | ||
| 090 |
_c2638 _d2638 |
||
| 100 | 1 | _aGarrison, Ray H. | |
| 245 | 1 | 0 |
_aManagerial accounting : _bconcepts for planning, control, decision making / _cRay H. Garrison. |
| 250 | _a7th ed. | ||
| 260 |
_a[S.l.] : _bMcGraw-Hill Inc.,US, _c1993. |
||
| 300 |
_a912 p. ; _c26 cm. |
||
| 490 | 1 | _aThe irwin series in undergraduate accounting. | |
| 500 | _aHardcover. | ||
| 700 | 1 | _aNoreen, Eric W. | |
| 830 | 4 | _aThe irwin series in undergraduate accounting. | |
| 856 | 4 | 0 |
_3Amazon.com _uhttp://www.amazon.com/exec/obidos/ASIN/0256110107/chopaconline-20 |
| 856 | 4 | 0 |
_3Amazon customer reviews _uhttp://www.chopac.org/cgi-bin/tools/azrev.pl?q=0256110107 |
| 942 |
_aNBS _cBK _k658.1511 GAR |
||
| 999 |
_c345131 _d345131 |
||